LEADER 01116nam a2200265 i 4500 001 000000207310 003 CaOOAMICUS 005 20111026000000.0 008 111026s2011 it u000 u ita u 013 $a186087 020 $a978-88-399-0455-3 040 $aSeMil$bita 245 10$aAntologia del Novecento teologico /$cRosino Gibellini (ed.) 260 $aBrescia :$bQueriniana,$c2011. 300 $a373 p. ;$c23 cm. 490 0 $aBiblioteca di teologia contemporanea ;$v155 650 4$aTeologia - Testi - Sec. 20. - Antologia.$0(OLS)http://semarc/subject/38910 700 1 $aGibellini, Rosino,$d<1926-2022>.$0(OLS)http://semarc/name/14 830 0$aBiblioteca di teologia contemporanea ;$v155.$0(OLS)http://semarc/title/14 850 $aSeMil 852 $aSeMil$W1$xVenegono$y1$m2BA M 155$j157773$B157773$CSeMilBibl$Z2$F169003 $81 961 $aSottoscrizione: Queriniana 996 $6020$a978-88-399-0455-3$9(OLS)http://semarc/number/201512 996 $6245$aAntologia del Novecento teologico$9(OLS)http://semarc/title/299843 996 $6260$aBrescia :$bQueriniana$9(OLS)http://semarc/publisher/29615 LEADER 00627naa a2200145 i 4500 001 000000301293 003 CaOOAMICUS 005 20180831172719.0 008 180831n xx u000 u und u 013 $a9016 040 $aSeMil$bita 100 1 $aAlici, Luigi,$d<1950- >.$0(OLS)http://semarc/name/309 245 10$aAgostino tra fede e ricerca :$bla conversione dell'intelligenza. 773 0 $aCastelbarco Albani, Carlo$tAgostino e la conversione cristiana.$dPalermo : Edizioni Augustinus, 1987.$kAugustiniana [Augustinus]$w()35276 996 $6245$aAgostino tra fede e ricerca :$bla conversione dell'intelligenza$9(OLS)http://semarc/title/377298